000 00445nam a2200169Ia 4500
008 230711s9999||||xx |||||||||||||| ||und||
020 _a978-93-5014-359-9
041 _aENG
082 _a621.382
_bSH-C
100 _aSharma,Sanjay
245 0 _aCommunication Systems (Analog and Digital)
250 _a7th Reprint Ed.
260 _c2022
_aNew Delhi
_bS.K Kataria & Sons
300 _a1016p.
650 _aElectronics Engineering
942 _cBK
999 _c6969
_d6969